00437nam a22001577a 450000500170000001000130001702000180003003500130004803700090006108200120007010000170008224500750009926000380017427000420021230000250025420210616125422.0 aB-740236 a9788125042488 aB-740236 bGift a954.021 aTariq Rahman aFrom hindi to urdu:ba social and political history /cby Tariq Rahman aNew DelhibOrient Blackswanc2011 a1/24 Asaf Ali RoadbNew Delhie110002 axix, 456p.c22cm(Hb)